Alle Kinder Produkte - Statistiken

Allgemein
  • Dieses Quiz wurde 697 mal gespielt
    301 seit der letzten Aktualisierung
  • Das Durchschnittsergebnis liegt bei 8 aus 19
Antwortstatistiken
Produktname % Korrekt
kinder Riegel
88%
kinder Überraschung
77%
kinder bueno
72%
kinder Country
63%
kinder Pinguí
62%
kinder Schoko-Bons
58%
Milch-Schnitte
53%
kinder Schokolade
50%
kinder Cards
49%
kinder Happy Hippo
48%
kinder Joy
48%
kinder Maxi King
39%
kinder Chocofresh
23%
kinder DUO
9%
kinder Paradiso
9%
kinder Happy Moments
7%
kinder kinderini
7%
kinder Délice
4%
kinder Crunchy Cookies
2%
Keine übereinstimmenden Quizze gefunden
Verteilung der Resultate
Anzahl Personen mit jedem Resultat
Perzentil nach korrekt beantworteten Fragen
Ihre Resultats-Entwicklung
Sie haben dieses Quiz seit der letzten Aktualisierung nicht gespielt